बंगाल का आर्थिक इतिहास (Record no. 1013748)
[ view plain ]
| 000 -LEADER | |
|---|---|
| fixed length control field | 01202nam a2200265Ia 4500 |
| 003 - CONTROL NUMBER IDENTIFIER | |
| control field | OSt |
| 005 - DATE AND TIME OF LATEST TRANSACTION | |
| control field | 20221005104756.0 |
| 008 - FIXED-LENGTH DATA ELEMENTS--GENERAL INFORMATION | |
| fixed length control field | 221004b |||||||| |||| 00| 0 hin d |
| 037 ## - SOURCE OF ACQUISITION | |
| Terms of availability | Textual |
| 040 ## - CATALOGING SOURCE | |
| Original cataloging agency | CRL |
| Transcribing agency | CRL |
| Language of cataloging | hin |
| 041 ## - LANGUAGE CODE | |
| Source of code | hin |
| Language code of text/sound track or separate title | hin |
| 100 ## - MAIN ENTRY--PERSONAL NAME | |
| Personal name | सिन्हा, नरेन्द्र कृष्ण |
| 245 #0 - TITLE STATEMENT | |
| Title | बंगाल का आर्थिक इतिहास |
| Remainder of title | प्लासी से स्थायी बंदोबस्त तक |
| 246 ## - VARYING FORM OF TITLE | |
| Title proper/short title | Bangāl kā ārthik itihāsa: plāsī se sthāyī bandobasta taka |
| 260 ## - PUBLICATION, DISTRIBUTION, ETC. | |
| Place of publication, distribution, etc. | दिल्ली |
| Name of publisher, distributor, etc. | विश्विद्यालय हिन्दी माध्यम कार्यान्वय निदेशालय भारत |
| Date of publication, distribution, etc. | 1988 |
| 300 ## - PHYSICAL DESCRIPTION | |
| Extent | 277पृ0 |
| Dimensions | cm. |
| 650 ## - SUBJECT ADDED ENTRY--TOPICAL TERM | |
| Topical term or geographic name entry element | अर्थशास्त्र |
| 942 ## - ADDED ENTRY ELEMENTS (KOHA) | |
| Classification part | X.275'N, 152M8 |
| Koha item type | Textual |
| Source of classification or shelving scheme | |
| Withdrawn status | Lost status | Damaged status | Not for loan | Home library | Current library | Date acquired | Source of acquisition | Cost, normal purchase price | Total Checkouts | Full call number | Barcode | Date last seen | Cost, replacement price | Price effective from | Koha item type |
|---|---|---|---|---|---|---|---|---|---|---|---|---|---|---|---|
| Central Library | Central Library | 2022-10-05 | 20474, 08/01/2014, Hindi Madhyam Karyanvyan Nideshalye | 80.00 | X.275'N 152M8 | CL1564881 | 2022-10-05 | 80.00 | 2022-10-05 | Textual |
